000 00783nam a22002537a 4500
008 240821b mp ||||| |||| 00| 0 mon d
020 _a978-99962-0-151-6
035 _a2571
040 _aDXO45059
_bmon
_cMN-UlNLM
_dMN-UlNLM
_erda
041 _amon
082 _210-t
_a891.7 3
_bШ.335
100 _aИрина Щеглова
245 0 _aХүсэл мөрөөдлийн эрэг
245 0 _b0
245 0 _c/Орч.Н.Пүрэвсүрэн
264 _aУБ
_bМонсудар хэвлэлийн газар
_c2010
300 _a152х.
336 _2rdacontent
_atext
_btxt
337 _2rdamedia
_aunmediated
_bn
338 _2rdacarrier
_avolume
_bnc
505 _tхүсэл мөрөөдлийн эрэг; 0; 0; 0; 0
650 _aСалбар
942 _210-t
_cBK
999 _c1127931
_d1127988